000 00253nam a2200097Ia 4500
001 684966
005 20250826161508.0
008 250824s9999 xx 000 0 und d
245 0 _aGÜNEŞE DÖN YÜZÜNÜ/A.KULİN/EVEREST
_cAYŞE KULİN
260 _bEVEREST
999 _c684966
_d684966